AH International Schools' Libraries

What are clouds? / (Record no. 49414)

MARC details
000 -LEADER
fixed length control field 00331nam a2200121 4500
020 ## - INTERNATIONAL STANDARD BOOK NUMBER
International Standard Book Number 9781474982146
100 ## - MAIN ENTRY--PERSONAL NAME
Personal name Daynes, Katie
9 (RLIN) 42214
245 ## - TITLE STATEMENT
Title What are clouds? /
Statement of responsibility, etc Katie Daynes & Marta Alvarez Miguens
260 ## - PUBLICATION, DISTRIBUTION, ETC. (IMPRINT)
Place of publication, distribution, etc London
Name of publisher, distributor, etc Usborne
Date of publication, distribution, etc 2021
300 ## - PHYSICAL DESCRIPTION
Extent unpaged.
Other physical details col. ill.
Dimensions 20 cm.
650 ## - SUBJECT ADDED ENTRY--TOPICAL TERM
Topical term or geographic name as entry element Clouds
9 (RLIN) 31414
942 ## - ADDED ENTRY ELEMENTS (KOHA)
Source of classification or shelving scheme
Koha item type Board Book
Holdings
Withdrawn status Lost status Source of classification or shelving scheme Damaged status Not for loan Collection code Home library Current library Date acquired Total Checkouts Full call number Barcode Date last seen Date checked out Price effective from Koha item type
          Non-Fiction Asian Hope Early Years Library Asian Hope Early Years Library 08/25/2025 1 BB 551.57 208932 10/03/2025 09/17/2025 08/25/2025 Board Book

For any Logos Library related questions please contact Miss Art at swongnarasuk@asianhope.org.

For any Asian Hope Library related questions please contact Miss Raza at graza@asianhope.org.

Click here to explore our ebooks!

Powered by Koha